| 000 | 00532nam a22001937a 4500 | ||
|---|---|---|---|
| 003 | Ost | ||
| 005 | 20240508150121.0 | ||
| 008 | 240415b |||||||| |||| 00| 0 eng d | ||
| 020 | _a9781630575540 | ||
| 040 | _cBT-PhCST | ||
| 050 | _a24834-24835 | ||
| 082 |
_222 _a604.2 _bSHI |
||
| 100 | _aShih, Randy H. | ||
| 245 |
_aSolidworks 2023 and engineering graphics : _ban integrated approach / |
||
| 260 |
_aThe USA : _bSDC Publications, _cc2023 |
||
| 300 |
_aA-28 p. : _bill. ; _c26 cm. |
||
| 500 | _aIncludes index. | ||
| 942 |
_2ddc _cMEC |
||
| 999 |
_c9723 _d9723 |
||